| Tag |
First Indicator |
Second Indicator |
Subfields |
| LEADER |
00000ntm a2200000Ia 4500 |
| 001 |
in00004199909 |
| 005 |
20200806090348.0 |
| 006 |
m g d |
| 007 |
cr bn |||a|bb| |
| 008 |
080428q15401500enk o 000 0 eng d |
| 040 |
|
|
|a UMI
|c UMI
|
| 035 |
|
|
|a (OCoLC)226319693
|
| 037 |
|
|
|a CL2105000002
|b ProQuest Information and Learning, 789 E. Eisenhower Parkway, Ann Arbor, MI 48108-3218
|
| 043 |
|
|
|a e-uk-en
|
| 090 |
|
|
|a KD2231.B7A3
|b 1540
|
| 049 |
|
|
|a UMIA
|
| 245 |
0 |
0 |
|a ... the Clarke of the market shall not let to do his offy[ce] ....
|
| 260 |
|
|
|a [London :
|b Robert Wyer,
|c 1540-1550?]
|
| 300 |
|
|
|a 1 online resource ([1+] pages)
|
| 336 |
|
|
|a text
|b txt
|2 rdacontent
|
| 337 |
|
|
|a computer
|b c
|2 rdamedia
|
| 338 |
|
|
|a online resource
|b cr
|2 rdacarrier
|
| 500 |
|
|
|a Title from first line of text.
|
| 500 |
|
|
|a Date of publication suggested by McKerrow.
|
| 500 |
|
|
|a Printer's device McK. 69 visible through verso bleed-through.
|
| 500 |
|
|
|a Imperfect; fragment.
|
| 500 |
|
|
|a Reproduction of original in the British Library.
|
| 510 |
4 |
|
|a Early English books tract supplement interim guide
|c Harl.5919[214]
|
| 533 |
|
|
|a Electronic reproduction.
|b Ann Arbor, Mich. :
|c UMI,
|d 1999-
|f (Early English books online)
|n Digital version of: (Early English books; Tract supplement ; E1:1[151])
|7 s1999 miun s
|
| 650 |
|
0 |
|a Bread
|z England
|v Early works to 1800.
|
| 650 |
|
0 |
|a Weights and measures
|z England
|v Early works to 1800.
|
| 830 |
|
0 |
|a Early English books online.
|
| 856 |
4 |
0 |
|u http://proxy.library.tamu.edu/login?url=https://search.proquest.com/docview/2240890629
|z Connect to the full text of this electronic book
|t 0
|
| 994 |
|
|
|a 02
|b UMI
|
| 999 |
f |
f |
|s 9e1bfed2-6851-3fd5-84f2-5bb8690647fc
|i d7bf20b9-5901-3e25-9a92-abf791aa5481
|t 0
|
| 952 |
f |
f |
|a Texas A&M University
|b College Station
|c Electronic Resources
|d Available Online
|t 0
|e KD2231.B7A3 1540
|h Library of Congress classification
|
| 998 |
f |
f |
|a KD2231.B7A3 1540
|t 0
|l Available Online
|